000 00691nam a2200229Ia 4500
001 3147
003 GE_BSU
008 181216s||||||||xx |||||||||||||| ||und||
040 _cGE_BSU
080 _a608.3(075)
100 _aАртемьев,Е. Богуславский,М.М. Вчерашний,Р.П.
245 _aПатентоведение.
245 _bУчебник для вузов.
245 _cПод ред. В.А.Рясенцева.
250 _aИзд 3-ое, перераб.и доп.
260 _aМ.
260 _bМашиностроение.
260 _c1984.
300 _a352 стр. с илл.
653 _aПатентоведение.
942 _cBK
999 _c37191
_d37191